Statistics for Famous Movie Scenes #4

Click here to take the quiz!

General Stats

  • This quiz has been taken 7,728 times
  • The average score is 9 of 16

Answer Stats

Scene Movie % Correct
An upside down man and a redheaded woman kiss in the heavy rainSpider-Man
87%
Seven Germanic children sing and dance to say goodnight to houseguestsThe Sound of Music
77%
A boy rides his tricycle through the empty halls of a hotelThe Shining
75%
A prom queen has a bucket of blood dropped over her headCarrie
65%
Man in prison revives a mouseThe Green Mile
64%
Two men wearing sunglasses and fedoras lead police on a destructive car chase
through a crowded mall
The Blues Brothers
58%
Armored knights are slaughtered by a small white rabbitMonty Python
and the Holy Grail
55%
A man screams in pain as huge patches of chest hair are ripped off in a beauty salonThe 40 Year Old Virgin
54%
Man survives an atomic bomb test by hiding in a fridgeIndiana Jones
and the Kingdom of
the Crystal Skull
46%
As the sun rises over a black monolith, an ape-like creature uses a bone
as a bashing tool
2001: A Space
Odyssey
46%
Three teenagers strike poses while appreciating the Art Institute of ChicagoFerris Bueller's Day Off
45%
Police detective drops his coffee mug. One shattered fragment says "Kobayashi",
and the detective knows he has been fooled
The Usual Suspects
44%
A high school girl uses a computer to pick out her outfit for the dayClueless
39%
A man wakes up from a coma and wanders around the streets of London which
are now completely deserted
28 Days Later
38%
Astronauts land on a seemingly peaceful sea. Then a mile-high wave
appears in the distance
Interstellar
37%
A teenager spastically tries to feed a llama with a serving spoonNapoleon Dynamite
36%

Score Distribution

Percentile by Number Answered

Percent of People with Each Score

Your Score History

You have not taken this quiz